BUBT Library Online Catalog

Equity, Trusts and Specific Relief : (Record no. 7003)

000 -LEADER
fixed length control field 00616nam a22002177a 4500
003 - CONTROL NUMBER IDENTIFIER
control field BUBTL
008 - FIXED-LENGTH DATA ELEMENTS--GENERAL INFORMATION
fixed length control field 230327b ||||| |||| 00| 0 eng d
020 ## - INTERNATIONAL STANDARD BOOK NUMBER
International Standard Book Number 9788170129981
082 ## - DEWEY DECIMAL CLASSIFICATION NUMBER
Classification number 346.004/ G151e/ 2001
100 ## - MAIN ENTRY--PERSONAL NAME
9 (RLIN) 5260
Personal name Gandhi, B. M.
245 ## - TITLE STATEMENT
Title Equity, Trusts and Specific Relief :
Remainder of title B. M. Gandhi
250 ## - EDITION STATEMENT
Edition statement 3rd edn.
260 ## - PUBLICATION, DISTRIBUTION, ETC. (IMPRINT)
Place of publication, distribution, etc. New Delhi
Name of publisher, distributor, etc. Eastern Book Company
Date of publication, distribution, etc. c2001
300 ## - PHYSICAL DESCRIPTION
Extent [Lxvii], 498p. :
Other physical details 21 cm.
500 ## - GENERAL NOTE
General note Includes Index
650 #0 - SUBJECT ADDED ENTRY--TOPICAL TERM
9 (RLIN) 26
Topical term or geographic name as entry element Law
700 ## - ADDED ENTRY--PERSONAL NAME
9 (RLIN) 5260
Personal name Gandhi, B. M.
856 ## - ELECTRONIC LOCATION AND ACCESS
Password 0
Logon 0
Link text Download
942 ## - ADDED ENTRY ELEMENTS (KOHA)
Source of classification or shelving scheme
Koha item type Books
Holdings
Withdrawn status Lost status Source of classification or shelving scheme Damaged status Not for loan Collection code Permanent location Current location Shelving location Date acquired Source of acquisition Inventory number Total Checkouts Full call number Barcode Date last seen Copy number Price effective from Koha item type Date last checked out
        Not For Loan Non-fiction Bangladesh University of Business and Technology Library Bangladesh University of Business and Technology Library Law Stacks 10/12/2012 Purchase 14622   346.004/ G151e/ 2001 BUBTL-200314622 03/27/2023 C-1 03/27/2023 Books  
        Not For Loan Non-fiction Bangladesh University of Business and Technology Library Bangladesh University of Business and Technology Library Law Stacks 10/12/2012 Purchase 14623   346.004/ G151e/ 2001 BUBTL-200314623 03/27/2023 C-2 03/27/2023 Books  
          Non-fiction Bangladesh University of Business and Technology Library Bangladesh University of Business and Technology Library Law Stacks 10/12/2012 Purchase 14619 7 346.004/ G151e/ 2001 BUBTL-200314619 06/06/2024 C-3 03/27/2023 Books 06/03/2024

More Information About Library

Library Hours

  • Open: 9.00 am. to 9.00 pm.
  • Only Sunday: 9.00 am. to 6.00 pm.
  • Closed: Holiday

Contact to the University

Bangladesh University of Business and Technology Library

  • Mirpurl-2, 1216.
  • Phone:
  • Fax:
  • E-Mail: admin.library@bubt.edu.bd

Contact to the Library

Contact Person:

Md. Abdul Hakim Shah
Joint Librarian
PABX No:  113
Cell No: 01816332931
E-mail: official: admin.library@bubt.edu.bd
Personal: hakim.shah@bubt.edu.bd


BUBT Library

Copyright © 2021